000 00242nam a2200097Ia 4500
001 652154
005 20250826154433.0
008 250824s9999 xx 000 0 und d
245 0 _aELİMDE DEĞİL
_cHolly L. Niner
260 _bTÜBİTAK YAYINLARI
999 _c652154
_d652154